| 000 | 00631cam a22002293a 4500 | ||
|---|---|---|---|
| 001 | 11047 | ||
| 003 | PGUSA | ||
| 005 | 20140828083232.0 | ||
| 008 | 040201s2004||||xxu|||||s|||||000 | eng d | ||
| 040 |
_aPGUSA _beng |
||
| 042 | _adc | ||
| 050 | 4 | _aPC | |
| 100 | 1 |
_aCyr, Ellen M., _d-1920 |
|
| 245 | 1 | 0 |
_aLibro segundo de lectura _h[electronic resource] / _cEllen M. Cyr |
| 260 |
_bProject Gutenberg, _c2004 |
||
| 506 | _aPublic domain in the USA. | ||
| 516 | _aElectronic text | ||
| 653 | _aSpanish language -- Readers | ||
| 830 | 0 |
_aProject Gutenberg _v11047 |
|
| 856 | 4 | 0 | _uhttp://www.gutenberg.org/ebooks/11047 |
| 942 | _cEB | ||
| 999 |
_c240302 _d240302 |
||